000 00553nam a22001937a 4500
003 KOHA_MİRAKIL
005 20251112150329.0
008 251112b tu ||||| |||| 00| 0 tur d
020 _a9789750735059
040 _aTR-AnABB
_btur
_cTR-AnABB
041 _atur
082 _a891.4337
_bROY 2021
100 1 _aRoy, Arundhati,
245 1 0 _aMutlak mutluluk bakanlığı /
_cRoy Arundhati
260 _aİstanbul :
_bCan Sanat Yayınları,
_c2021
300 _a480 sayfa ;
_c22 cm
650 0 4 _aHindistan edebiyatı, roman
942 _2ddc
_cBK
999 _c9373
_d9373
900 _bGizem YORULMAZ